| 000 | 00635nam a22001697a 4500 | ||
|---|---|---|---|
| 003 | BD-DhUL | ||
| 005 | 20160906171755.0 | ||
| 008 | 160906b1989 bg ||||| |||| 00| 0 ben d | ||
| 040 | _cBD-DhUL | ||
| 082 |
_a954.925 _bASJ |
||
| 245 |
_aযশোর জেলার ইতিহাস / _cআসাদুজ্জামান আসাদ সম্পাদিত |
||
| 260 |
_aঢাকা : _bন্যাশনাল ইনস্টিটিউট., _c১৯৯৩ |
||
| 300 |
_a৫৬৮ পৃ. : _c২১ সে.মি. |
||
| 650 | 0 | _aযশোর জেলা-ইতিহাস | |
| 650 | 0 | _aJessore-history | |
| 942 |
_2ddc _cBK |
||
| 999 |
_c104480 _d104480 |
||